Detalles MARC
| 000 -LIDER |
| fixed length control field |
02651nam a2200289 a 4500 |
| 001 - NÚMERO DE CONTROL |
| Identificador de número de control |
000015136 |
| 003 - IDENTIFICACDOR DE NÚMERO DE CONTROL |
| control field |
DO-SdBNP |
| 005 - DATE AND TIME OF LATEST TRANSACTION |
| control field |
20231017095905.0 |
| 008 - ELEMENTOS DE LONGITUD FIJA |
| fixed length control field |
100201s2006 dr r 001 0 spa d |
| 020 ## - ISBN |
| International Standard Book Number |
9789945160802 |
| 040 ## - FUENTE DE CATALOGACIÓN |
| Agencia que crea de manera original el registro |
DO-SdBNP |
| Idioma de catalogación |
spa |
| Agencia que realiza la transcripción |
BPMSU |
| 082 #4 - NÚMERO DE CLASIFICACIÓN DECIMAL DE DEWEY |
| Classification number |
RD861.08 |
| Item number |
I61a 2006 |
| Edition number |
22 |
| 245 00 - MENCIÓN DE TITULO |
| Título |
A la intemperie : |
| Subtítulo |
antología de poetas de la provincia El Seibo / |
| Mención de responsabilidad |
compilador Isael Pérez. |
| 260 ## - PUBLICACIÓN, DISTRIBUCIÓN, ETC. (PIE DE IMPRENTA) |
| Lugar de publicación, distribución, etc |
Santo Domingo : |
| Nombre del editor, distribuidor, etc. |
Editora Búho, |
| Fecha de publicación, distribución, etc |
2006. |
| 300 ## - DESCRIPCIÓN FÍSICA |
| Extensión |
152 p. ; |
| Dimensiones |
22 cm. |
| 500 ## - NOTA GENERAL |
| Nota general |
Incluye referencias bibliográficas y notas al pie de las páginas |
| 500 ## - NOTA GENERAL |
| Nota general |
Incluye datos biográficos del compilador en la solapa de la cubierta |
| 505 0# - NOTA DE CONTENIDO |
| Texto normalizado de contenido |
Presentación -- Última despedida /Rafael Pérez de Castro -- A la virgen de La Altagracia / Servando Morel -- Don Servando / León Beras Zorrilla -- ¿Por qué? / José María Beras Trinidad -- El buey / Quiterio Berroa Canelo -- Las campanas de mi idea / Sergio Augusto Beras -- Ensueño. Preludio espiritual / Valentín Giró -- San Francisco de Asís entre los pájaros/ Emilio A. Morel -- Mariposas / Juan José Sánchez -- Himno a la bandera / Pilar Constanzo -- Hallazgo / Rafael Augusto Zorrilla -- Deseos / Eloína Constanzo -- Himno a la Santísima Cruz / Víctor Bienvenido Beras -- Distancias / Miriam Beras Porrata -- Despedida / Pantolín de Castro Beras -- ¡Denuncia oh mar tus justas iras! / Enriquillo Evangelista -- Amor / Juan Demóstenes Cotes Morales -- No entiendon / Europa Delgado Marte -- Tus ojos / Milcíades Tavarez Mercedes -- Vivencias / Portalatina Taveras -- Flagelum Dei / Juan Carlos Mieses -- Las bestias del olivo / Cecilio Díaz Carela -- Amor / Rafael Peralta Romero -- De siglo a siglo / Liduvina Paulina -- La figura del Maestro /Agustina Febles Eusebio -- Acuarela / Aquiles Julián -- El miedo / Francisco Evangelista Rivera -- Llanto seco / Sélvido Candelaria -- La calle / Marcial Mota -- Ausencia de ti / José Joaquín Moreno Guzmán -- Amparo / Fernando Abad -- Poema 16 / Diógenes Abreu -- Hechizos de la Hybris / Plinio Chahín -- El lamento de Ulises / Carlos Roberto Gómez Beras -- Tú me haces falta / Heriberto Paredes -- Palpitación del beso / Gabino Severino -- Eres / William Peguero Mora -- Ganas sucias / Vicente Beras -- Pasión / Luis M. Amparo Rijo. |
| 590 ## - NOTA LOCAL |
| Texto de la nota local |
Inventariado, 2023/VM |
| 650 #4 - ENCABEZAMIENTO DE MATERIA--TEMÁTICO |
| Término temático o nombre geográfico como elemento de entrada |
Poesía dominicana |
| Subdivisión de forma |
Colecciones |
| 650 #4 - ENCABEZAMIENTO DE MATERIA--TEMÁTICO |
| Término temático o nombre geográfico como elemento de entrada |
Poesía dominicana |
| Subdivisión temática general |
Antología literaria |
| 650 #4 - ENCABEZAMIENTO DE MATERIA--TEMÁTICO |
| Término temático o nombre geográfico como elemento de entrada |
Literatura dominicana. |
| 651 #4 - ENCABEZAMIENTO DE MATERIA--NOMBRE GEOGRÁFICO |
| Nombre geográfico |
El Seibo (República Dominicana) |
| Subdivisión temática general |
Antología literaria |
| 700 1# - ASIENTO SECUNDARIO -- NOMBRE PERSONAL |
| Nombre personal |
Pérez, Isael |
| Mención de responsabilidad |
comp. |
| 910 ## - VALIDACIÓN |
| Validación |
VMateo V. Control de calidad. |
| 942 ## - ADDED ENTRY ELEMENTS (KOHA) |
| Source of classification or shelving scheme |
Dewey Decimal Classification |
| Koha item type |
Libros |